| 000 | 01009cam a2200217 4500 | ||
|---|---|---|---|
| 001 | WB4013-09 | ||
| 008 | 040401n2004 000 0 eng u | ||
| 035 | _a(Sirsi) u125703 | ||
| 245 | _aRevolutionary flood map | ||
| 260 | _c2004 | ||
| 490 |
_aNorwich Union News Release _v3 March 2004 (2) |
||
| 520 | _aNorwich Union has begun rolling out a revolutionary flood map which will enable it to pinpoint the flood risk to individual properties. Using the latest technology, Norwich Union has created a digital map which not only shows whether an individual property is at risk but also how often a flood is likely to happen and to what depth. Digital flood map presentation, http://www.aviva.com/pdf/flood_mapping_presentatio n.pdf. http://www.aviva.com/news/release.cfm?section=medi a&filter=none&ID=1684 | ||
| 590 | _aWB | ||
| 590 | _aWB | ||
| 650 | _aFLOODING | ||
| 650 | _aDIGITAL MAPS | ||
| 650 | _aFLOOD RISK AREAS | ||
| 650 | _aINSURANCE PREMIUMS | ||
| 690 |
_aINSURANCE _96249 |
||
| 942 | _n0 | ||
| 999 |
_c117160 _d117160 |
||